00824nam a2200193Ia 4500008004100000020001500041041001200056082001600068100001900084245010600103260002500209300000800234650001900242700001500261942000700276999001500283952016100298952017100459221030s9999 xx 000 0 und d a0074631136 aEnglish a105.23bTre aJ. P. Tremblay 0aDiscrete Mathematical Structures with Applicaitons to Computer Sciencecby J. P. Tremblay, R. Manohar bTMHaNew Delhic2000 a606 aBE Mathematics aR. Manohar cBK c1640d1640 pBE 1637g245.00l0o105.23 Trer2024-06-13 00:00:00w2022-10-30yBK003Print4071aMIETLIBbMIETLIBcBL-Second, FL-1, CUP-17, SH-2, R-2d2000-05-1510HBE pBE 1345g245.00l0o105.23 Trer2024-06-13 00:00:00w2022-10-30yBK003Print4070aMIETLIBbMIETLIBcBL-Academic Block- A, FL-1, CUP-3, SH-2, R-2d2000-04-2710HBE